000 01203nam a22003497a 4500
001 17109866
003 TZ-ArACH
005 20251111163134.0
008 120109s2012 pk b 000 0 eng
010 _a 2011329076
020 _a9798837729515
025 _aP-E-2011329076; 47
035 _a17109866
037 _bLibrary of Congress -- Islamabad Overseas Office
_cRs 1200
040 _aDLC
_cTZ-ArACH
_dDLC
042 _alcode
_apcc
043 _aa-pk---
050 0 0 _aKPL3498
_b.H373 2012
100 1 _aHasan, Abrar
_c(Advocate)
245 1 0 _aIndependence of judiciary and judicial crisis
_cAbrar Hasan.
260 _aKarachi:
_bSindh Balochistan Law Reports;
_c2012.
300 _ai, 327 p.:
_c25 cm.
504 _aIncludes bibliographical references.
650 0 _aJudicial independence
_zPakistan.
650 0 _aSeparation of powers
_zPakistan.
650 0 _aJustice, Administration of
_zPakistan.
856 4 1 _3Table of contents only
_uhttp://www.loc.gov/catdir/toc/fy12pdf02/2011329076.html
906 _a7
_bcbc
_corigode
_d2
_encip
_f20
_gy-gencatlg
942 _2lcc
_cBOOK
999 _c7668
_d7668